<?xml version="1.0" encoding="UTF-8"?>
<record
    xmlns:xsi="http://www.w3.org/2001/XMLSchema-instance"
    xsi:schemaLocation="http://www.loc.gov/MARC21/slim http://www.loc.gov/standards/marcxml/schema/MARC21slim.xsd"
    xmlns="http://www.loc.gov/MARC21/slim">

  <leader>01215nam a22002777a 4500</leader>
  <datafield tag="999" ind1=" " ind2=" ">
    <subfield code="c">158233</subfield>
    <subfield code="d">158233</subfield>
  </datafield>
  <controlfield tag="003">dpl</controlfield>
  <controlfield tag="005">20181022172001.0</controlfield>
  <controlfield tag="008">181022b           ||||| |||| 00| 0 eng d</controlfield>
  <datafield tag="010" ind1=" " ind2=" ">
    <subfield code="a">A-769326</subfield>
  </datafield>
  <datafield tag="020" ind1=" " ind2=" ">
    <subfield code="c">100.00</subfield>
  </datafield>
  <datafield tag="035" ind1=" " ind2=" ">
    <subfield code="a">A-769326</subfield>
  </datafield>
  <datafield tag="037" ind1=" " ind2=" ">
    <subfield code="b">BPPD/PUB</subfield>
  </datafield>
  <datafield tag="040" ind1=" " ind2=" ">
    <subfield code="a">DPL</subfield>
    <subfield code="b">HN</subfield>
    <subfield code="c">0</subfield>
  </datafield>
  <datafield tag="082" ind1=" " ind2=" ">
    <subfield code="a">808.883</subfield>
    <subfield code="b"> &#x92E;&#x93F;&#x936;&#x94D;&#x930;&#x915;</subfield>
  </datafield>
  <datafield tag="100" ind1=" " ind2=" ">
    <subfield code="a"> &#x92E;&#x93F;&#x936;&#x94D;&#x930;, &#x915;&#x928;&#x94D;&#x939;&#x948;&#x92F;&#x93E;&#x932;&#x93E;&#x932; &#x92A;&#x94D;&#x930;&#x92D;&#x93E;&#x915;&#x930;</subfield>
    <subfield code="9">74583</subfield>
  </datafield>
  <datafield tag="245" ind1=" " ind2=" ">
    <subfield code="a">&#x915;&#x94D;&#x937;&#x923; &#x92C;&#x94B;&#x932;&#x947; &#x915;&#x923; &#x92E;&#x941;&#x938;&#x915;&#x93E;&#x92F;&#x947;/</subfield>
    <subfield code="c"> &#x915;&#x928;&#x94D;&#x939;&#x948;&#x92F;&#x93E;&#x932;&#x93E;&#x932;  &#x92E;&#x93F;&#x936;&#x94D;&#x930;  &#x92A;&#x94D;&#x930;&#x92D;&#x93E;&#x915;&#x930;</subfield>
  </datafield>
  <datafield tag="246" ind1=" " ind2=" ">
    <subfield code="a">Kshana  bole kana muskaye/</subfield>
    <subfield code="b"> by Kanheyyalal Mishr Prabhakar</subfield>
  </datafield>
  <datafield tag="260" ind1=" " ind2=" ">
    <subfield code="a"> &#x928;&#x908; &#x926;&#x93F;&#x932;&#x94D;&#x932;&#x940;, </subfield>
    <subfield code="b"> &#x92D;&#x93E;&#x930;&#x924;&#x940;&#x92F; &#x91C;&#x94D;&#x91E;&#x93E;&#x928;&#x92A;&#x940;&#x920;</subfield>
    <subfield code="c">1995</subfield>
  </datafield>
  <datafield tag="270" ind1=" " ind2=" ">
    <subfield code="a"> &#x907;&#x902;&#x938;&#x94D;&#x91F;&#x940;&#x91F;&#x94D;&#x92F;&#x942;&#x91F;&#x928;&#x932; &#x90F;&#x930;&#x93F;&#x92F;&#x93E; &#x932;&#x94B;&#x926;&#x940; &#x930;&#x94B;&#x921;</subfield>
    <subfield code="b"> &#x928;&#x908; &#x926;&#x93F;&#x932;&#x94D;&#x932;&#x940;, </subfield>
    <subfield code="e">110032</subfield>
  </datafield>
  <datafield tag="300" ind1=" " ind2=" ">
    <subfield code="a">239&#x92A;&#x943;&#x937;&#x94D;&#x920;.</subfield>
    <subfield code="c">17&#x938;&#x947;&#x92E;&#x940;(&#x938;&#x91C;&#x93F;&#x932;&#x94D;&#x926;)</subfield>
  </datafield>
  <datafield tag="650" ind1=" " ind2=" ">
    <subfield code="a"> &#x939;&#x93F;&#x902;&#x926;&#x940; &#x938;&#x93E;&#x939;&#x93F;&#x924;&#x94D;&#x92F;</subfield>
    <subfield code="9">117399</subfield>
  </datafield>
  <datafield tag="650" ind1=" " ind2=" ">
    <subfield code="a">&#x939;&#x93F;&#x902;&#x926;&#x940; &#x915;&#x935;&#x93F;&#x924;&#x93E;</subfield>
    <subfield code="9">117400</subfield>
  </datafield>
  <datafield tag="650" ind1=" " ind2=" ">
    <subfield code="a">Hindi Literature</subfield>
    <subfield code="9">117401</subfield>
  </datafield>
  <datafield tag="650" ind1=" " ind2=" ">
    <subfield code="a">Hindi Poetry</subfield>
    <subfield code="9">117402</subfield>
  </datafield>
  <datafield tag="942" ind1=" " ind2=" ">
    <subfield code="2">ddc</subfield>
    <subfield code="c">HN</subfield>
    <subfield code="h">808.883</subfield>
    <subfield code="m"> &#x92E;&#x93F;&#x936;&#x94D;&#x930;&#x915;</subfield>
  </datafield>
  <datafield tag="952" ind1=" " ind2=" ">
    <subfield code="0">0</subfield>
    <subfield code="1">0</subfield>
    <subfield code="2">ddc</subfield>
    <subfield code="4">0</subfield>
    <subfield code="7">0</subfield>
    <subfield code="8">NFIC</subfield>
    <subfield code="a">BL4</subfield>
    <subfield code="b">BL4</subfield>
    <subfield code="d">2018-10-22</subfield>
    <subfield code="e">BPPD/PUB</subfield>
    <subfield code="g">100.00</subfield>
    <subfield code="l">0</subfield>
    <subfield code="o">808.883  &#x92E;&#x93F;&#x936;&#x94D;&#x930;&#x915;</subfield>
    <subfield code="p">A-769326</subfield>
    <subfield code="r">2018-10-22 00:00:00</subfield>
    <subfield code="v">100.00</subfield>
    <subfield code="w">2018-10-22</subfield>
    <subfield code="y">HN</subfield>
  </datafield>
</record>
